Central Library OPAC University of Rajshahi

আলমাহমুদের কবিতা / (Record no. 64344)

MARC details
000 -LEADER
fixed length control field 00772nam a2200229 a 4500
001 - CONTROL NUMBER
control field 64344
003 - CONTROL NUMBER IDENTIFIER
rucl marc code BD-RjUL
005 - DATE AND TIME OF LATEST TRANSACTION
control field 20211209081309.0
008 - FIXED-LENGTH DATA ELEMENTS--GENERAL INFORMATION
fixed length control field 170213s1984 bg ||||| |||| 00| 0 eng d
020 ## - INTERNATIONAL STANDARD BOOK NUMBER
Terms of availability Tk.30.00
035 ## - SYSTEM CONTROL NUMBER
System control number (BD-RjUL)64474
040 ## - CATALOGING SOURCE
Original cataloging agency BD-RjUL
Language of cataloging ben
Transcribing agency BD-RjUL
Modifying agency BD-RjUL
041 ## - LANGUAGE CODE
Language code of text/sound track or separate title ben
082 ## - DEWEY DECIMAL CLASSIFICATION NUMBER
Edition number 23
Classification number 891.441
Author mark and year MAA 1984
100 ## - MAIN ENTRY--PERSONAL NAME
Personal name আল-মাহমুদ
9 (RLIN) 190985
245 ## - TITLE STATEMENT
Title আলমাহমুদের কবিতা /
Statement of responsibility, etc. আলমাহমুদ
260 ## - PUBLICATION, DISTRIBUTION, ETC. (IMPRINT)
Place of publication, distribution, etc. ঢাকা :
Name of publisher, distributor, etc. হরফ প্রকাশনী,
Date of publication, distribution, etc. ১৯৮৪.
300 ## - PHYSICAL DESCRIPTION
Pagination ৩৩৫ পৃ. ;
Size ২৪ সেমি.
650 ## - SUBJECT ADDED ENTRY--TOPICAL TERM
Topical term or geographic name as entry element বাংলা কবিতা
Form subdivision সংগ্রহ
9 (RLIN) 170410
Topical term or geographic name as entry element Bengali poetry
Form subdivision cllections
9 (RLIN) 190986
942 ## - ADDED ENTRY ELEMENTS (KOHA)
Source of classification or shelving scheme Dewey Decimal Classification
Koha item type Books
Holdings
Lost status Source of classification or shelving scheme Damaged status Not for loan Collection code Permanent Location Current Location Shelving location Date acquired Source of acquisition Cost, normal purchase price Total Checkouts Full call number Date last seen Copy number Koha item type
  Dewey Decimal Classification   Not For Loan Non-fiction Central Library, University of Rajshahi Central Library, University of Rajshahi Reading Room 23/12/1996 Dhaka, Ankur Prakashani 50.00   B 891.44108 MAA 1984 13/02/2017 C-1 Books